An Internet guide for mass communication students / (Record no. 8228)
[ view plain ]
| 000 -LEADER | |
|---|---|
| fixed length control field | 00815cam a2200217 a 4500 |
| 001 - CONTROL NUMBER | |
| control field | 3548132 |
| 005 - DATE AND TIME OF LATEST TRANSACTION | |
| control field | 20251111191820.0 |
| 008 - FIXED-LENGTH DATA ELEMENTS--GENERAL INFORMATION | |
| fixed length control field | 970121s1997 wiua bf 000 0 eng d |
| 020 ## - INTERNATIONAL STANDARD BOOK NUMBER | |
| International Standard Book Number | 0697352730 |
| 020 ## - INTERNATIONAL STANDARD BOOK NUMBER | |
| International Standard Book Number | 9780697352736 |
| 050 00 - LIBRARY OF CONGRESS CALL NUMBER | |
| Classification number | TK5105.875.I57 |
| Item number | B745 1997 |
| 100 1# - MAIN ENTRY--PERSONAL NAME | |
| Personal name | Bridges, Joe. |
| 245 13 - TITLE STATEMENT | |
| Title | An Internet guide for mass communication students / |
| Statement of responsibility, etc. | Joe Bridges. |
| 260 ## - PUBLICATION, DISTRIBUTION, ETC. | |
| Place of publication, distribution, etc. | Madison WI : |
| Name of publisher, distributor, etc. | Brown & Benchmark, |
| Date of publication, distribution, etc. | c1997. |
| 300 ## - PHYSICAL DESCRIPTION | |
| Extent | vii, 124 p. : |
| Other physical details | ill. ; |
| Dimensions | 23 cm. |
| 650 #0 - SUBJECT ADDED ENTRY--TOPICAL TERM | |
| Topical term or geographic name entry element | Internet |
| Form subdivision | Handbooks, manuals, etc. |
| 650 #0 - SUBJECT ADDED ENTRY--TOPICAL TERM | |
| Topical term or geographic name entry element | Mass media |
| General subdivision | Study and teaching (Higher) |
| -- | Computer network resources. |
| 856 42 - ELECTRONIC LOCATION AND ACCESS | |
| Materials specified | Publisher description |
| Uniform Resource Identifier | <a href="http://www.loc.gov/catdir/description/mh023/97114956.html">http://www.loc.gov/catdir/description/mh023/97114956.html</a> |
| 856 41 - ELECTRONIC LOCATION AND ACCESS | |
| Materials specified | Table of contents |
| Uniform Resource Identifier | <a href="http://www.loc.gov/catdir/toc/mh022/97114956.html">http://www.loc.gov/catdir/toc/mh022/97114956.html</a> |
| 942 ## - ADDED ENTRY ELEMENTS (KOHA) | |
| Source of classification or shelving scheme | Library of Congress Classification |
| Koha item type | Books |
| Suppress in OPAC | No |
| 999 ## - | |
| -- | 8228 |
| -- | 8228 |
| Withdrawn status | Lost status | Source of classification or shelving scheme | Damaged status | Not for loan | Collection | Home library | Current library | Shelving location | Date acquired | Total checkouts | Full call number | Barcode | Date last seen | Copy number | Price effective from | Koha item type |
|---|---|---|---|---|---|---|---|---|---|---|---|---|---|---|---|---|
| Library of Congress Classification | Non-fiction | Science Library (Miotso) | Science Library (Miotso) | General stacks | 11/11/2025 | TK5105.875.I57 B745 BRI | SLM00005774 | 11/11/2025 | 1 | 11/11/2025 | Books | |||||
| Library of Congress Classification | Non-fiction | Science Library (Miotso) | Science Library (Miotso) | General stacks | 11/11/2025 | TK5105.875.I57 B745 BRI | SLM00005775 | 11/11/2025 | 2 | 11/11/2025 | Books | |||||
| Library of Congress Classification | Non-fiction | Science Library (Miotso) | Science Library (Miotso) | General stacks | 11/11/2025 | TK5105.875.I57 B745 BRI | SLM00005776 | 11/11/2025 | 3 | 11/11/2025 | Books | |||||
| Library of Congress Classification | Non-fiction | Science Library (Miotso) | Science Library (Miotso) | General stacks | 11/11/2025 | TK5105.875.I57 B745 BRI | SLM00005777 | 11/11/2025 | 4 | 11/11/2025 | Books | |||||
| Library of Congress Classification | Non-fiction | Science Library (Miotso) | Science Library (Miotso) | General stacks | 11/11/2025 | TK5105.875.I57 B745 BRI | SLM00005778 | 11/11/2025 | 5 | 11/11/2025 | Books | |||||
| Library of Congress Classification | Non-fiction | Science Library (Miotso) | Science Library (Miotso) | General stacks | 11/11/2025 | TK5105.875.I57 B745 BRI | SLM00005779 | 11/11/2025 | 6 | 11/11/2025 | Books | |||||
| Library of Congress Classification | Non-fiction | Science Library (Miotso) | Science Library (Miotso) | General stacks | 11/11/2025 | TK5105.875.I57 B745 BRI | SLM00005780 | 11/11/2025 | 7 | 11/11/2025 | Books | |||||
| Library of Congress Classification | Non-fiction | Science Library (Miotso) | Science Library (Miotso) | General stacks | 11/11/2025 | TK5105.875.I57 B745 BRI | SLM00005781 | 11/11/2025 | 8 | 11/11/2025 | Books | |||||
| Library of Congress Classification | Non-fiction | Science Library (Miotso) | Science Library (Miotso) | General stacks | 11/11/2025 | TK5105.875.I57 B745 BRI | SLM00005782 | 11/11/2025 | 9 | 11/11/2025 | Books | |||||
| Library of Congress Classification | Non-fiction | Science Library (Miotso) | Science Library (Miotso) | General stacks | 11/11/2025 | TK5105.875.I57 B745 BRI | SLM00005783 | 11/11/2025 | 10 | 11/11/2025 | Books | |||||
| Library of Congress Classification | Non-fiction | Science Library (Miotso) | Science Library (Miotso) | General stacks | 11/11/2025 | TK5105.875.I57 B745 BRI | SLM00005784 | 11/11/2025 | 11 | 11/11/2025 | Books |